Dhukū pikū. (Record no. 77074)

MARC details
000 -LEADER
fixed length control field 00587cam a22002291 4500
001 - CONTROL NUMBER
control field sa 68000260
003 - CONTROL NUMBER IDENTIFIER
control field DLC
005 - DATE AND TIME OF LATEST TRANSACTION
control field 20260227112422.0
008 - FIXED-LENGTH DATA ELEMENTS--GENERAL INFORMATION
fixed length control field 891010s1963 np 000 0 newo
010 ## - LIBRARY OF CONGRESS CONTROL NUMBER
LC control number sa 68000260
035 ## - SYSTEM CONTROL NUMBER
System control number (OCoLC)20463635
040 ## - CATALOGING SOURCE
Original cataloging agency DLC
Transcribing agency WaU
Modifying agency DLC
042 ## - AUTHENTICATION CODE
Authentication code premarc
050 00 - LIBRARY OF CONGRESS CALL NUMBER
Classification number PL3801.N51
Item number I84
100 0# - MAIN ENTRY--PERSONAL NAME
Personal name Ishwara Nanda,
Dates associated with a name 1928-
245 10 - TITLE STATEMENT
Title Dhukū pikū.
Remainder of title The Nepal bhasa-verbs.
260 ## - PUBLICATION, DISTRIBUTION, ETC.
Date of publication, distribution, etc. [1963 or 4]
300 ## - PHYSICAL DESCRIPTION
Extent 5, 7, 209, 13 p.
Dimensions 16 cm.
500 ## - GENERAL NOTE
General note In Newari.
650 #0 - SUBJECT ADDED ENTRY--TOPICAL TERM
Topical term or geographic name entry element Newari language
General subdivision Verb.
740 0# - ADDED ENTRY--UNCONTROLLED RELATED/ANALYTICAL TITLE
Uncontrolled related/analytical title Nepal bhasa-verbs.

No items available.

Powered by Koha